000
00467nam a2200169Ia 4500
008
090711s9999 xx 000 0 und d
082
_b
80073
100
_a
देशपांडे पु. ल.
245
_a
दाद
260
_b
मौज प्रकाशन
_c
1997
300
_a
198
600
_a
देशपांडे पु. ल.
630
_a
दाद
700
_a
देशपांडे पु. ल.
730
_a
दाद
942
_c
BOOK
999
_c
321333
_d
321333